Greatest Hits albums by Queen - Statistics

General Stats
  • This quiz has been taken 25 times
  • The average score is 28 of 51
Answer Stats
Year Song % Correct
1975 Bohemian Rhapsody
100%
1980 Another One Bites The Dust
90%
1974 Killer Queen
90%
1977 We Are The Champions
90%
1978 Bicycle Race
86%
1978 Don't Stop Me Now
86%
1978 Fat Bottomed Girls
86%
1984 Radio Ga Ga
86%
1976 Somebody To Love
86%
1977 We Will Rock You
86%
1984 I Want To Break Free
81%
1982 Under Pressure
81%
1986 A Kind Of Magic
76%
1980 Crazy Little Thing Called Love
71%
1980 Flash's Theme
71%
1991 Innuendo
71%
1986 Who Wants To Live Forever
71%
1975 You're My Best Friend
71%
1989 I Want It All
67%
1986 One Vision
67%
1980 Save Me
67%
1974 Seven Seas Of Rhye
67%
1991 The Show Must Go On
67%
1976 Good Old-Fashioned Lover Boy
62%
1980 Play The Game
62%
1989 The Invisible Man
62%
1989 Breakthru
57%
1984 Hammer To Fall
57%
1984 It's A Hard Life
57%
1989 The Miracle
57%
1986 Friends Will Be Friends
52%
1991 I'm Going Slightly Mad
52%
1974 Now I'm Here
52%
1991 Headlong
48%
1995 Heaven For Everyone
38%
1991 These Are The Days Of Our Lives
38%
1995 Let Me Live
33%
1997 No One But You (Only The Good Die Young)
33%
1995 Too Much Love Will Kill You
33%
1987 Barcelona
29%
1999 Driven By You
29%
1985 Living On My Own
29%
1986 Princes Of The Universe
29%
1984 Thank God It's Christmas
29%
1987 The Great Pretender
24%
1995 You Don't Fool Me
24%
1982 Las Palabras De Amor (The Words Of Love)
19%
1997 The Show Must Go On (Live / Theatre National de Chaillot, Paris)
10%
1999 Under Pressure (Rah Mix)
10%
2010 Another One Bites The Dust (Remix)
5%
1992 Somebody To Love (Freddie Mercury Tribute Concert)
0%
No matching quizzes found
Score Distribution
Percent of People with Each Score
Percentile by Number Answered
Your Score History
You have not taken this quiz